000 01144naa a22003137u 4500
001 03712
003 HDC
007 cr bn ---aaaaa
008 210112t2005 flu 000 0 eng
040 _aHDC
100 _aGREENLAND, DENNIS J.,
_eauthor
_93414
245 0 _aClimate Change and Global Food Security. Chapter 2 :
_bWorld Food Security: Perspectives Past, Present, and Future /
_cby DENNIS J. GREENLAND ; edited by R. Lal ... [et al.]
260 _aBoca Raton, FL :
_bTaylor & Francis,
_c2005
300 _a18 pages
336 _atext
_2rdacontent
337 _acomputer
_2rdamedia
338 _aonline resource
_2rdacarrier
500 _aOriginal from book
650 _aClimatic changes
_93403
650 _aCrop yields
_93405
650 _aCrops and climate
_93404
650 _aFood security
_xClimatic factors
_93406
650 _aFood supply
_93374
700 _aLal, R.,
_eeditor
_93407
856 _zRequest full-text at [email protected]
942 _2lcc
942 _cCHAP
942 _kEBCH 002549
999 _c1048
_d1048